000 00497nam a2200193Ia 4500
005 20250508160448.0
008 008 250505s9999 xx 000 0 eng d
037 _aTextual
040 _aFEDL
_beng
_cFEDL
041 _aeng
_2eng
084 _a330.196, MEY
_qFEDL
100 _aMeynaud Jean
245 0 _aTechnocracy
260 _aLondon, UK
_bFaber and Faber
_c1964
300 _a315p.
650 _aEconomics
942 _cTEXL
_h330.196, MEY
999 _c1364753
_d1364753